La Formación de Europa: conquista, civilización y cambio cultural, 950-1350

Guardat en:
Dades bibliogràfiques
Autor principal: Bartlett, Robert John (Autor)
Format: Llibre
Idioma:espanyol
Publicat: Valencia Universitat de Valéncia 2003
Edició:1a. ed
Col·lecció:Historia - Universitat de València
Matèries:
Etiquetes: Afegir etiqueta
Sense etiquetes, Sigues el primer a etiquetar aquest registre!

MARC

LEADER 00000cam a2200000 a 4500
001 UCJ9771
003 CL-VaPUC
008 070405e20030000SP |||||||||||||||||spa|d
020 |a 8437056918 
082 0 4 |a 940.36  |b BAR  |2 21 
100 0 |a Bartlett, Robert John  |e author  |9 519865 
245 1 3 |a La Formación de Europa: conquista, civilización y cambio cultural, 950-1350 
250 |a 1a. ed 
300 |a 496 p 
942 |c BK 
945 |d 20070405 00:00:00  |a lvergara 
260 |a Valencia  |b Universitat de Valéncia  |c 2003 
650 0 |a Historia de Europa  |9 392003 
650 7 |a HISTORIA SOCIAL 900-1350  |2 CL-VaPUC  |9 519866 
650 7 |a CONQUISTADORES  |2 CL-VaPUC  |9 519867 
650 0 |a Cambio social   |9 256857 
650 7 |a HISTORIA 476-1492  |2 CL-VaPUC  |9 519868 
651 0 |a Europa  |9 255156 
583 |a last modification  |c 20190729 03:47:47  |k Rodrigo Vera 
490 0 |a Historia - Universitat de València 
999 |c 325180  |d 325178 
952 |0 0  |1 0  |4 0  |6 940_360000000000000_BAR_2003  |7 0  |8 A  |9 405810  |a BIBHIS  |b BIBHIS  |d 2019-11-22  |i 4329112  |o 940.36 BAR 2003  |p 4329112  |r 2025-01-20  |w 2019-11-22  |y BK  |k HIS 
952 |0 0  |1 0  |3 erb  |4 0  |6 940_360000000000000_BAR_2003  |7 0  |8 A  |9 405811  |a BIBHIS  |b BIBHIS  |i 5337364  |o 940.36 BAR 2003  |p 5337364  |r 2025-01-20  |w 2019-11-22  |y BK  |z Catalogado en:20160811  |k HIS